000 00697cam a2200193ua 4500
001 23829
008 190615n II |||gr||||Z||||||asm
082 _a891.458
100 _aSARMAH, DR. JUGENDRA NATH ,
_eAUTHOR.
245 _aASOMOR NAD- NADI
_hTextual Documents
260 _aJORHAT:
_bASOM SAHITYA SABHA,
_c2008.
300 _a272:
_c21+
_ePB.
653 _aPrabandha
999 _c27077
_d27077